[Event "World Rapid Women 2019"]
[Site "Moscow RUS"]
[Date "2019.12.27"]
[Round "5.19"]
[White "Khademalsharieh, Sarasadat"]
[Black "Song, Yuxin"]
[Result "0-1"]
[WhiteTitle "IM"]
[BlackTitle "WIM"]
[WhiteElo "2487"]
[BlackElo "2299"]
[WhiteFideId "12512214"]
[BlackFideId "8614300"]
[EventDate "2019.12.26"]

1. d4 Nf6 2. c4 e6 3. Nf3 d5 4. Nc3 Nbd7 5. Bf4 dxc4 6. e3 Nd5 7. Bxc4 Nxf4 8.
exf4 Nb6 9. Bd3 g6 10. O-O Bg7 11. Qe2 O-O 12. Rad1 Bd7 13. Ne5 f6 14. Nxd7 Qxd7
15. h4 f5 16. Qf3 c6 17. Ne2 Qd5 18. Qg3 Qxa2 19. h5 Kf7 20. Rd2 Qd5 21. Bc2 Qd6
22. Bb3 Nd5 23. Qf3 Bh6 24. g3 g5 25. fxg5 Bxg5 26. Rdd1 h6 27. Nc3 Kg7 28. Nxd5
cxd5 29. Rfe1 Rac8 30. Qe2 Rfe8 31. Kg2 Qb4 32. Qd3 a5 33. Re2 a4 34. Ba2 Re7
35. f4 Bf6 36. g4 Qd6 37. Rf1 Rg8 38. Kh1 Kh8 39. gxf5 exf5 40. Rxe7 Qxe7 41.
Bxd5 Rg4 42. Rc1 Rh4+ 43. Kg1 Qg7+ 44. Bg2 Bxd4+ 45. Kf1 Rxf4+ 46. Ke1 Qxg2 47.
Rc8+ Kg7 48. Rc7+ Kf6 0-1

[Event "World Rapid Women 2019"]
[Site "Moscow RUS"]
[Date "2019.12.27"]
[Round "5.20"]
[White "Afonasieva, Anna"]
[Black "Mammadova, Gulnar"]
[Result "0-1"]
[WhiteTitle "WFM"]
[BlackTitle "IM"]
[WhiteElo "2302"]
[BlackElo "2386"]
[WhiteFideId "24173606"]
[BlackFideId "13403508"]
[EventDate "2019.12.26"]

1. d4 g6 2. Nf3 Bg7 3. c4 d6 4. g3 Nd7 5. Bg2 e5 6. Nc3 Ne7 7. O-O O-O 8. e4
exd4 9. Nxd4 Nc6 10. Nde2 a5 11. Be3 Nc5 12. Rc1 Be6 13. b3 Qc8 14. Nd5 Re8 15.
Nec3 Nb4 16. Bd4 Bxd5 17. cxd5 Nbd3 18. Bxg7 Kxg7 19. Rc2 Qd8 20. a3 Ne5 21. f4
Ned7 22. Nb5 Rc8 23. Qd4+ Kg8 24. b4 axb4 25. axb4 Na6 26. Rfc1 Ndb8 27. Na7 c5
28. dxc6 Nxc6 29. Nxc6 bxc6 30. Rxc6 Rxc6 31. Rxc6 Nb8 32. Rxd6 Qc7 33. e5 Qc1+
34. Qd1 Qe3+ 35. Kh1 Kg7 36. Rd3 Qb6 37. Qd2 Rc8 38. Qb2 Kg8 39. Rd1 h5 40. Bd5
Qe3 41. Qb3 Qe2 42. Bxf7+ Kg7 43. Bxg6 Kxg6 44. Qe6+ Kg7 45. Qf6+ Kh7 46. Qf5+
Kg7 47. Qxc8 Qf3+ 48. Kg1 Qxd1+ 49. Kg2 Qd5+ 50. Kh3 Nc6 51. Qc7+ Kg8 52. Qd6
Qe4 53. Qe6+ Kf8 54. b5 Nd4 55. Qh6+ Ke7 56. Qg5+ Kd7 57. Qxh5 Nxb5 58. Qf7+ Kc6
59. Qe8+ Kc5 60. Qc8+ Kd4 61. Qd7+ Kc5 62. e6 Qf5+ 63. Kh4 Nd4 64. Qc7+ Kb4 65.
g4 Qxe6 66. Qb7+ Kc4 67. Qc7+ Kd3 68. Qd8 Ke3 69. f5 Qh6+ 70. Kg3 Qf4+ 71. Kh4
Nxf5+ 72. Kh5 Qh6# 0-1

[Event "World Rapid Women 2019"]
[Site "Moscow RUS"]
[Date "2019.12.27"]
[Round "5.21"]
[White "Sgircea, Silvia-Raluca"]
[Black "Paehtz, Elisabeth"]
[Result "0-1"]
[WhiteTitle "WIM"]
[BlackTitle "IM"]
[WhiteElo "2271"]
[BlackElo "2475"]
[WhiteFideId "1213776"]
[BlackFideId "4641833"]
[EventDate "2019.12.26"]

1. Nf3 Nf6 2. c4 g6 3. d4 Bg7 4. g3 O-O 5. Bg2 d6 6. O-O Nc6 7. Nc3 Bg4 8. d5
Na5 9. Nd2 c5 10. Qc2 a6 11. a4 e5 12. b3 Rb8 13. Re1 Bd7 14. e4 Nh5 15. Bb2 f5
16. exf5 gxf5 17. Rad1 Nf6 18. Nf3 Ne8 19. Bc1 Nc7 20. Bd2 b6 21. Nh4 Qf6 22.
Nf3 Nb7 23. Qc1 b5 24. axb5 axb5 25. cxb5 Bxb5 26. Nxb5 Nxb5 27. Qc4 Nd8 28. b4
cxb4 29. Bxb4 e4 30. Nd2 Nf7 31. Bf1 Rfc8 32. Qa2 Nd4 33. Rb1 Ra8 34. Ba3 Rc3
35. Nc4 Nf3+ 36. Kh1 Nxe1 37. Rxe1 Rxc4 38. Bxc4 Qc3 0-1

[Event "World Rapid Women 2019"]
[Site "Moscow RUS"]
[Date "2019.12.27"]
[Round "5.22"]
[White "Serikbay, Assel"]
[Black "Socko, Monika"]
[Result "0-1"]
[WhiteTitle "WIM"]
[BlackTitle "GM"]
[WhiteElo "2286"]
[BlackElo "2407"]
[WhiteFideId "13706799"]
[BlackFideId "1106619"]
[EventDate "2019.12.26"]

1. d4 Nf6 2. c4 g6 3. g3 Bg7 4. Bg2 d6 5. Nf3 O-O 6. O-O Nc6 7. Nc3 Bg4 8. d5
Na5 9. Nd2 c5 10. Qc2 a6 11. a4 Rb8 12. b3 e5 13. f4 exf4 14. Rxf4 Qd7 15. Bb2
Nh5 16. Rff1 Rbe8 17. Nce4 f5 18. Bxg7 Nxg7 19. Qc3 fxe4 20. Qxa5 e3 21. Ne4 Bf5
22. Ng5 h6 23. Nf3 Bg4 24. Qc3 Nf5 25. Rae1 Qg7 26. Qd3 Kh7 27. h3 Bxf3 28. Rxf3
Nd4 29. Rxf8 Rxf8 30. Rf1 Rxf1+ 31. Bxf1 Qe5 32. g4 Qg3+ 33. Bg2 Qf2+ 34. Kh2
Nxe2 35. Qd1 Qg3+ 36. Kh1 Nf4 0-1

[Event "World Rapid Women 2019"]
[Site "Moscow RUS"]
[Date "2019.12.27"]
[Round "5.23"]
[White "Danielian, Elina"]
[Black "Kovalevskaya, Ekaterina"]
[Result "1/2-1/2"]
[WhiteTitle "GM"]
[BlackTitle "IM"]
[WhiteElo "2399"]
[BlackElo "2407"]
[WhiteFideId "13300210"]
[BlackFideId "4116704"]
[EventDate "2019.12.26"]

1. d4 d5 2. Nf3 Nf6 3. c4 e6 4. e3 c5 5. a3 a6 6. cxd5 exd5 7. dxc5 Bxc5 8. b4
Bd6 9. Bb2 O-O 10. Nbd2 Nc6 11. Be2 Bf5 12. O-O Rc8 13. Rc1 Qe7 14. Nb3 Ne5 15.
Nxe5 Bxe5 16. Bxe5 Qxe5 17. Qd4 Qxd4 18. Nxd4 Rxc1 19. Rxc1 Rc8 20. Rxc8+ Bxc8
21. f3 Kf8 22. Kf2 Ke7 23. h4 g6 24. Bd3 Nd7 25. Ke2 Ne5 26. Kd2 Kd6 27. Kc3 Bd7
28. Be2 Bc8 29. g4 Nd7 30. Nc2 Nf6 31. Kd4 h5 32. g5 Ne8 33. Kc3 Ng7 34. Nd4 Bd7
35. Bd3 Bc8 36. Bc2 Bd7 37. Bd3 Bc8 38. Bc2 Bd7 39. Bd3 1/2-1/2

[Event "World Rapid Women 2019"]
[Site "Moscow RUS"]
[Date "2019.12.27"]
[Round "5.24"]
[White "Munkhzul, Davaakhuu"]
[Black "Zatonskih, Anna"]
[Result "1/2-1/2"]
[WhiteTitle "WCM"]
[BlackTitle "IM"]
[WhiteElo "1991"]
[BlackElo "2420"]
[WhiteFideId "4902815"]
[BlackFideId "14101572"]
[EventDate "2019.12.26"]

1. e4 e6 2. d4 d5 3. Nd2 c5 4. exd5 exd5 5. Bb5+ Bd7 6. Bxd7+ Nxd7 7. Ne2 Ngf6
8. O-O Bd6 9. dxc5 Nxc5 10. Nf3 O-O 11. Bf4 Re8 12. c3 Rc8 13. Nfd4 Bf8 14. Qc2
Ne6 15. Bg3 Ne4 16. Rad1 Qb6 17. Nf5 Nxg3 18. hxg3 Red8 19. Qb3 Qa6 20. Ned4 Nc5
21. Qc2 g6 22. Ne3 Bg7 23. Qb1 Ne6 24. Nec2 Qb6 25. Rfe1 Nxd4 26. Nxd4 Rc4 27.
Nf3 Rcc8 28. Nd4 Rc4 29. Nf3 d4 30. Qd3 Rcc8 31. cxd4 Qxb2 32. Rb1 Qxa2 33. Rxb7
Bf6 34. Rb3 Qa5 35. Rd1 Rd7 36. Ra3 Qd5 37. Ra6 Kg7 38. Qa3 Rcc7 39. Ra5 Qd6 40.
d5 Qxa3 41. Rxa3 Rc5 42. d6 Rc6 43. g4 Rcxd6 44. Rxd6 Rxd6 45. Rxa7 h6 46. g3
Rb6 47. Ra4 Rb2 48. Kg2 Bd8 49. Rd4 Bb6 50. Rd2 Rb4 51. g5 h5 52. Ne5 Rd4 53.
Rc2 Rd5 54. f4 Rd8 1/2-1/2

[Event "World Rapid Women 2019"]
[Site "Moscow RUS"]
[Date "2019.12.27"]
[Round "5.25"]
[White "Cramling, Pia"]
[Black "Nomin-Erdene, Davaademberel"]
[Result "0-1"]
[WhiteTitle "GM"]
[BlackTitle "IM"]
[WhiteElo "2461"]
[BlackElo "2425"]
[WhiteFideId "1700030"]
[BlackFideId "4900782"]
[EventDate "2019.12.26"]

1. c4 f5 2. d4 Nf6 3. Nc3 g6 4. h4 d6 5. Bg5 Bg7 6. Qd2 h6 7. Bxf6 Bxf6 8. O-O-O
Nc6 9. Nf3 Bg7 10. Nd5 e5 11. dxe5 dxe5 12. Qc2 e4 13. Nb6 Qe7 14. Nxa8 exf3 15.
exf3 O-O 16. c5 Be6 17. Bc4 Bxc4 18. Qxc4+ Kh8 19. Nxc7 Qxc7 20. Rd6 Ne5 21. Qc2
b6 22. Rhd1 bxc5 23. f4 Nf7 24. Rxg6 Qxf4+ 25. Kb1 Rb8 26. Rxg7 Kxg7 27. Rd7 Qe4
28. Qxe4 fxe4 29. Rxa7 Kf6 30. Rc7 Rb5 31. Rc6+ Kf5 32. Kc2 h5 33. b3 Ne5 34.
Rh6 Kg4 35. Re6 Kf4 36. Rf6+ Kg4 37. Re6 c4 38. bxc4 Rc5 39. Kb3 Kf5 40. Rh6 Kg4
41. Re6 Kxh4 42. a4 Kg4 43. a5 Kf5 44. Rh6 Kg5 45. Re6 Kf5 46. Rh6 Kg5 47. Re6
Rxa5 48. Kb4 Kf5 49. Rh6 Ra2 50. Rxh5+ Ke6 51. Rh6+ Kf5 52. Rh5+ Kf6 53. Kc3
Rxf2 54. Kd4 Rf4 55. Rh6+ Ng6 56. c5 Kf5 57. c6 Rf2 58. Rh5+ Kf4 59. Rc5 Rd2+
60. Kc3 Rd3+ 61. Kc2 Ne7 62. c7 Nc8 63. Rc6 Rd7 64. Rc4 Ke3 65. Kc1 Rg7 66. Rc3+
Ke2 67. g3 e3 0-1

[Event "World Rapid Women 2019"]
[Site "Moscow RUS"]
[Date "2019.12.27"]
[Round "5.26"]
[White "Fataliyeva, Ulviyya"]
[Black "Bodnaruk, Anastasia"]
[Result "1-0"]
[WhiteTitle "WGM"]
[BlackTitle "IM"]
[WhiteElo "2387"]
[BlackElo "2413"]
[WhiteFideId "13403052"]
[BlackFideId "4181751"]
[EventDate "2019.12.26"]

1. d4 Nf6 2. c4 g6 3. Nc3 Bg7 4. e4 d6 5. f4 O-O 6. Nf3 c5 7. d5 e6 8. Be2 exd5
9. cxd5 Bg4 10. e5 Bxf3 11. Bxf3 Re8 12. O-O dxe5 13. fxe5 Rxe5 14. Bf4 Re8 15.
Qb3 Nbd7 16. Rfe1 c4 17. Qxb7 Nc5 18. Qc7 Rxe1+ 19. Rxe1 Nd3 20. Re2 Nxf4 21.
Qxf4 Rc8 22. d6 Qb6+ 23. Kh1 Rd8 24. Rd2 Re8 25. Rd1 Qf2 26. Qc1 Bh6 27. Qb1 Bf4
28. d7 Nxd7 29. Ne4 Rxe4 30. Qxe4 Be5 31. Qe2 Qxe2 32. Bxe2 Nb6 33. Rd2 c3 34.
bxc3 Bxc3 35. Rc2 Be5 36. Rc5 Bd6 37. Ra5 Bb8 38. a4 Kf8 39. Rb5 Bf4 40. a5 Nc8
41. g3 Bd6 42. Rb7 Ke8 43. Bb5+ Kf8 44. Bc4 Ne7 45. Rxa7 Kg7 46. Rd7 Bc5 47. a6 1-0

[Event "World Rapid Women 2019"]
[Site "Moscow RUS"]
[Date "2019.12.27"]
[Round "5.27"]
[White "Sargsyan, Anna M."]
[Black "Nebolsina, Vera"]
[Result "0-1"]
[WhiteTitle "WIM"]
[BlackTitle "WGM"]
[WhiteElo "2382"]
[BlackElo "2240"]
[WhiteFideId "13308130"]
[BlackFideId "4163591"]
[EventDate "2019.12.26"]

1. d4 Nf6 2. c4 g6 3. g3 Bg7 4. Bg2 d6 5. Nc3 O-O 6. Nf3 Nc6 7. O-O a5 8. h3 h6
9. e4 e5 10. d5 Nb4 11. Be3 Na6 12. Qd2 Kh7 13. Rae1 Ng8 14. Nh2 Bd7 15. f4 exf4
16. Bxf4 Nc5 17. g4 Qe7 18. Nf3 Bxc3 19. Qxc3 f6 20. b3 Rfe8 21. Nd4 Qg7 22. Qd2
Re7 23. Re2 b6 24. a3 Rae8 25. Rfe1 Ra8 26. Bf3 a4 27. b4 Nb3 28. Nxb3 axb3 29.
Qb2 f5 30. e5 fxg4 31. Bxg4 Bxg4 32. hxg4 Rf7 33. Bh2 dxe5 34. Bxe5 Qf8 35. Qxb3
Qc8 36. Re4 Qd7 37. Bb2 Raf8 38. Re6 Rf3 39. Qc2 Qf7 40. Qg2 Rf2 0-1

[Event "World Rapid Women 2019"]
[Site "Moscow RUS"]
[Date "2019.12.27"]
[Round "5.28"]
[White "Lysenko, Margarita"]
[Black "Guichard, Pauline"]
[Result "0-1"]
[WhiteTitle "WFM"]
[BlackTitle "IM"]
[WhiteElo "2290"]
[BlackElo "2408"]
[WhiteFideId "34100200"]
[BlackFideId "639370"]
[EventDate "2019.12.26"]

1. d4 Nf6 2. c4 e6 3. Nc3 Bb4 4. f3 c5 5. d5 b5 6. e4 O-O 7. Nh3 bxc4 8. Bxc4
exd5 9. Bxd5 Nxd5 10. Qxd5 Ba6 11. Bg5 Qb6 12. Kf2 Nc6 13. Rhd1 Ba5 14. Na4 Qb5
15. b3 Nb4 16. Qd6 Rac8 17. Kg1 Nc2 18. Rac1 Nd4 19. Rxc5 Rxc5 20. Qxc5 Nxf3+
21. Kh1 Qe2 22. Ra1 Be1 23. Qe3 Qf1+ 24. Ng1 Nxg5 25. Rxe1 Qf6 26. Qxa7 Bd3 27.
e5 Qf5 28. Qe3 Be4 29. Qg3 Bc6 30. Nc5 h6 31. Ne2 Qc2 32. b4 Qxa2 33. h4 Ne6 34.
Nxe6 fxe6 35. Nf4 Qd2 36. Nh5 Bxg2+ 37. Kg1 Rf7 38. b5 Bb7 39. b6 Qd4+ 40. Kh2
Qb2+ 41. Kg1 Qxb6+ 42. Re3 Qc6 43. Nf6+ Kf8 44. Ne4 Qc4 45. Qe1 Qd4 46. Kh2
Qxe5+ 47. Ng3 Qd5 48. Re2 Qf3 49. Qb4+ Kg8 50. Rb2 Bc6 51. Qb8+ Kh7 52. Qe5 Rf4
53. Qe1 Rxh4+ 54. Kg1 Rg4 55. Kh2 Rh4+ 56. Kg1 Rh1+ 57. Nxh1 Qxh1+ 58. Kf2 Qg2+
59. Ke3 Qxb2 0-1

[Event "World Rapid Women 2019"]
[Site "Moscow RUS"]
[Date "2019.12.27"]
[Round "5.29"]
[White "Bykova, Anastasia"]
[Black "Ambartsumova, Karina"]
[Result "0-1"]
[WhiteTitle "WFM"]
[BlackTitle "IM"]
[WhiteElo "2247"]
[BlackElo "2341"]
[WhiteFideId "4164970"]
[BlackFideId "4166299"]
[EventDate "2019.12.26"]

1. d4 Nf6 2. c4 g6 3. Nf3 Bg7 4. g3 O-O 5. Bg2 d6 6. O-O c6 7. Nc3 Bf5 8. Nh4
Be6 9. d5 cxd5 10. cxd5 Bd7 11. e4 a5 12. Be3 Na6 13. Na4 Ng4 14. Bd4 Bxd4 15.
Qxd4 Nb4 16. Qd1 Ne5 17. Nc3 Rc8 18. h3 b5 19. Kh2 Qb6 20. Rb1 Nc4 21. Qe2 Na6
22. Rbc1 b4 23. Nb1 Bb5 24. Qg4 Ne5 25. Qxc8 Rxc8 26. Rxc8+ Kg7 27. Rfc1 Qxf2
28. R8c2 Qe3 29. Nd2 Nd3 30. Nf1 Qxc1 31. Rxc1 Nxc1 32. Nd2 Nxa2 33. Nhf3 a4 34.
Nd4 Bd3 35. Nc6 a3 36. bxa3 bxa3 37. Nb3 Kf8 38. Kg1 N2b4 39. Ncd4 Nc5 40. e5
Nxb3 41. Nxb3 dxe5 42. Kf2 Bc4 43. Na1 Bxd5 44. Bf1 f5 45. Ke3 Kf7 46. Kd2 Kf6
47. Kc3 Nc6 48. Nc2 a2 49. Kb2 f4 50. g4 e4 51. Bb5 Ne5 52. Nb4 Be6 53. Nxa2
Bxa2 54. Kxa2 f3 55. Kb2 Kg5 56. Kc3 Kf4 57. Kd2 e3+ 58. Ke1 f2+ 59. Ke2 Nf3 60.
Ba6 Nd2 0-1

[Event "World Rapid Women 2019"]
[Site "Moscow RUS"]
[Date "2019.12.27"]
[Round "5.30"]
[White "Voit, Daria"]
[Black "Novikova, Anna"]
[Result "1/2-1/2"]
[WhiteTitle "WGM"]
[BlackTitle "WIM"]
[WhiteElo "2336"]
[BlackElo "2260"]
[WhiteFideId "4182146"]
[BlackFideId "4146794"]
[EventDate "2019.12.26"]

1. d4 Nf6 2. Nf3 g6 3. c4 Bg7 4. Nc3 d5 5. Qb3 c6 6. cxd5 cxd5 7. Bg5 Nc6 8. e3
O-O 9. Bxf6 Bxf6 10. Qxd5 Qb6 11. Qb5 Nb4 12. Qxb6 axb6 13. Kd2 Rd8 14. Bc4 e5
15. d5 e4 16. Nd4 Bf5 17. a3 Na6 18. h3 h5 19. Rhd1 Rac8 20. b3 Nc5 21. Rac1 h4
22. Nxf5 gxf5 23. Ke2 Nxb3 24. Bxb3 Rxc3 25. Rxc3 Bxc3 26. Rc1 Be5 27. f4 Bd6
28. a4 Kf8 29. g3 hxg3 30. Rg1 Rc8 31. Rxg3 Rc3 32. Bd1 Ra3 33. h4 Bxf4 34. Rh3
Bh6 35. Bc2 Rc3 36. Kd2 Ra3 37. h5 f4 38. Bxe4 fxe3+ 39. Ke2 Ra2+ 40. Ke1 Rxa4
41. Bf3 Ra1+ 42. Ke2 Ra2+ 43. Ke1 Ke7 44. Rh4 f5 45. Rb4 Rf2 46. Rxb6 Rxf3 47.
Rxh6 f4 48. Re6+ Kd7 49. h6 Rh3 50. Ke2 b5 51. Re4 Rh2+ 52. Kf3 Rxh6 53. Kxf4
Kd6 54. Kxe3 Kxd5 55. Rg4 Rh3+ 56. Kd2 Kc5 57. Kc2 b4 58. Kb2 Kb5 59. Rg8 Rh4
60. Kb3 Rh3+ 61. Kb2 Rc3 62. Rf8 Kc4 63. Rf4+ Kb5 64. Rf8 Rh3 65. Rg8 Rd3 66.
Rf8 Re3 67. Rg8 Kc4 68. Rg4+ Kc5 69. Rg5+ Kd4 70. Rg4+ Kc5 71. Rg5+ Kc4 72. Rg4+
Kb5 73. Rg8 1/2-1/2

[Event "World Rapid Women 2019"]
[Site "Moscow RUS"]
[Date "2019.12.27"]
[Round "5.31"]
[White "Styazhkina, Anna"]
[Black "Zimina, Olga"]
[Result "0-1"]
[WhiteTitle "WIM"]
[BlackTitle "IM"]
[WhiteElo "2289"]
[BlackElo "2390"]
[WhiteFideId "24119300"]
[BlackFideId "4132190"]
[EventDate "2019.12.26"]

1. e4 c6 2. d4 d5 3. e5 Bf5 4. h4 h5 5. c4 e6 6. Nc3 Nd7 7. cxd5 cxd5 8. Bd3 Ne7
9. Bg5 Bxd3 10. Qxd3 Qb6 11. Bxe7 Bxe7 12. Nf3 Qa6 13. Nb5 Rc8 14. O-O O-O 15.
Ng5 g6 16. Rfc1 Rc6 17. Rxc6 bxc6 18. Nxf7 Kg7 19. Qe3 Qxb5 20. Qh6+ Kxf7 21.
Qh7+ Ke8 22. Qxg6+ Kd8 23. Qxe6 Bxh4 24. Rc1 Qxb2 25. Qxc6 Bxf2+ 26. Kh1 Qxd4
27. Qc7+ Ke8 0-1

[Event "World Rapid Women 2019"]
[Site "Moscow RUS"]
[Date "2019.12.27"]
[Round "5.32"]
[White "Gvetadze, Sofio"]
[Black "Mkrtchian, Lilit"]
[Result "1-0"]
[WhiteTitle "IM"]
[BlackTitle "IM"]
[WhiteElo "2301"]
[BlackElo "2395"]
[WhiteFideId "13601440"]
[BlackFideId "13300601"]
[EventDate "2019.12.26"]

1. e4 e6 2. d3 d5 3. Nd2 c5 4. Ngf3 Nc6 5. g3 Bd6 6. Bg2 Nge7 7. O-O O-O 8. Re1
Qc7 9. Qe2 f6 10. c3 Bd7 11. Nf1 Rae8 12. Qc2 b5 13. Bd2 dxe4 14. dxe4 c4 15.
Be3 Ng6 16. Red1 Rd8 17. h3 Nge5 18. Nxe5 Nxe5 19. Bxa7 Qxa7 20. Rxd6 Nd3 21.
Ne3 Qc7 22. Rd4 Ra8 23. b3 e5 24. Rd5 Bc6 25. bxc4 bxc4 26. Rxd3 cxd3 27. Qxd3
Ra4 28. c4 Rfa8 29. c5 Qa7 30. Qd6 Ra6 31. Bf1 Bxe4 32. Bc4+ Kh8 33. Bxa6 Qxa6
34. Rd1 h6 35. Nd5 Qe2 36. Nc3 Qf3 37. Nxe4 Qxe4 38. c6 Qf5 39. c7 Rxa2 40. Qc5
Rc2 41. Qxc2 Qxc2 42. Rd8+ Kh7 43. c8=Q Qb1+ 44. Kh2 1-0

[Event "World Rapid Women 2019"]
[Site "Moscow RUS"]
[Date "2019.12.27"]
[Round "5.33"]
[White "Borisova, Ekaterina"]
[Black "Gaponenko, Inna"]
[Result "0-1"]
[WhiteTitle "FM"]
[BlackTitle "IM"]
[WhiteElo "2344"]
[BlackElo "2396"]
[WhiteFideId "34124184"]
[BlackFideId "14101181"]
[EventDate "2019.12.26"]

1. d4 g6 2. c4 Bg7 3. Nf3 d6 4. g3 Nd7 5. Nc3 e5 6. Bg2 Ne7 7. O-O O-O 8. e4
exd4 9. Nxd4 Nc6 10. Nde2 a5 11. Be3 Nc5 12. b3 a4 13. Rb1 axb3 14. axb3 Nb4 15.
Nd5 Nxd5 16. cxd5 f5 17. Bxc5 dxc5 18. f3 fxe4 19. fxe4 Bg4 20. h3 Bxe2 21. Qxe2
Bd4+ 22. Kh2 Qg5 23. h4 Qe7 24. Bh3 Be5 25. Be6+ Kg7 26. Kh3 Rxf1 27. Rxf1 Rf8
28. g4 b6 29. Rf3 Rxf3+ 30. Qxf3 Qf6 31. Qxf6+ Kxf6 32. Bd7 Bd6 33. Kg2 Ke5 34.
Kf3 Kd4 35. g5 Bf8 36. Be8 Bg7 37. Kf4 Be5+ 38. Kf3 Bg7 39. Kf4 Bh8 40. Bd7 Be5+
41. Kf3 Kc3 42. Be6 b5 43. Bg8 Kd2 44. d6 cxd6 45. Kg4 Kd3 46. h5 gxh5+ 47. Kxh5
c4 48. bxc4 bxc4 49. Kh6 c3 50. Bb3 c2 51. Bxc2+ Kxc2 52. Kxh7 Kd3 0-1

[Event "World Rapid Women 2019"]
[Site "Moscow RUS"]
[Date "2019.12.27"]
[Round "5.34"]
[White "Osmak, Iulija"]
[Black "Dauletova, Gulmira"]
[Result "0-1"]
[WhiteTitle "IM"]
[BlackTitle "WIM"]
[WhiteElo "2388"]
[BlackElo "2250"]
[WhiteFideId "14101602"]
[BlackFideId "13702971"]
[EventDate "2019.12.26"]

1. e4 e5 2. Nf3 d6 3. d4 exd4 4. Nxd4 Nf6 5. Nc3 Be7 6. Be2 O-O 7. O-O Re8 8. f4
Bf8 9. Bf3 c5 10. Nde2 Nc6 11. Kh1 Bg4 12. Ng3 Bxf3 13. Qxf3 Nd4 14. Qd1 b5 15.
a3 a5 16. Be3 b4 17. axb4 axb4 18. Rxa8 Qxa8 19. Bxd4 cxd4 20. Nb5 Qb7 21. Nxd4
Nxe4 22. Nxe4 Qxe4 23. f5 d5 24. f6 g6 25. Nf3 Bh6 26. Re1 Be3 27. Qe2 h6 28.
Qb5 Re6 29. Qb8+ Kh7 30. Ra1 Qxc2 31. Qxb4 Qf5 32. Rf1 Qd3 33. Re1 Bf2 34. Ra1
Rxf6 35. Ne5 Qd4 36. Qe7 Kg7 37. Rf1 Bh4 38. Rg1 Rf1 39. Rxf1 Bxe7 40. Rxf7+ Kg8 0-1

[Event "World Rapid Women 2019"]
[Site "Moscow RUS"]
[Date "2019.12.27"]
[Round "5.35"]
[White "Khokhlova, Daria"]
[Black "Zhukova, Natalia"]
[Result "1/2-1/2"]
[BlackTitle "GM"]
[WhiteElo "2208"]
[BlackElo "2324"]
[WhiteFideId "24182729"]
[BlackFideId "14101513"]
[EventDate "2019.12.26"]

1. e4 e5 2. Nf3 Nc6 3. Nc3 Nf6 4. d4 exd4 5. Nxd4 Bb4 6. Nxc6 bxc6 7. Bd3 O-O 8.
O-O Re8 9. Re1 Bd6 10. h3 Rb8 11. Rb1 Qe7 12. Be3 Bc5 13. Qd2 h6 14. Bf4 d6 15.
e5 dxe5 16. Bxe5 Be6 17. Bxf6 Qxf6 18. Ne4 Qe7 19. Nxc5 Qxc5 20. b3 Rbd8 21. Qf4
Qa5 22. a4 Bd5 23. Red1 Re7 24. Qf5 g6 25. Qf4 Rde8 26. Qd2 Qxd2 27. Rxd2 Re1+
28. Rxe1 Rxe1+ 29. Kh2 Kf8 30. f3 Ra1 31. Kg3 Ke7 32. Kf2 Be6 33. Be2 c5 34. Bb5
f5 35. f4 g5 36. g3 Ra3 37. fxg5 hxg5 38. Rd3 Ra2 39. Rc3 Kd6 40. h4 g4 41. Bc4
Bc8 42. b4 Rxa4 43. bxc5+ Ke5 44. Bb3 Ra1 45. Re3+ Kd4 46. Re7 Bb7 47. Rxc7 Be4
48. h5 Rh1 49. Rxa7 Rh2+ 50. Kg1 Rh1+ 51. Kf2 Rh2+ 52. Kg1 Rh1+ 53. Kf2 Rh2+ 54.
Kg1 Rh1+ 1/2-1/2

[Event "World Rapid Women 2019"]
[Site "Moscow RUS"]
[Date "2019.12.27"]
[Round "5.36"]
[White "Strutinskaia, Galina"]
[Black "Kulon, Klaudia"]
[Result "1-0"]
[WhiteTitle "WGM"]
[BlackTitle "IM"]
[WhiteElo "2214"]
[BlackElo "2345"]
[WhiteFideId "4108558"]
[BlackFideId "1131044"]
[EventDate "2019.12.26"]

1. d4 d5 2. c4 e6 3. Nf3 c6 4. Qc2 Bd6 5. g3 f5 6. Bg2 Nf6 7. O-O O-O 8. b3 Qe7
9. Bb2 b6 10. Nbd2 Bb7 11. Ne5 Ne4 12. Nd3 Nd7 13. a4 a5 14. e3 Rac8 15. Rac1 c5
16. Qd1 Ba6 17. Re1 cxd4 18. exd4 Nxd2 19. Qxd2 dxc4 20. bxc4 Bxc4 21. d5 e5 22.
Bc3 e4 23. Nf4 Ne5 24. Rb1 Ba6 25. Ne6 Nc4 26. Qd1 Rf7 27. Bd4 Bb4 28. Qh5 Bxe1
29. Rxe1 Bb7 30. Ng5 g6 31. Qh6 Bxd5 32. Nxf7 Qxf7 33. Bf1 Nd6 34. Bxb6 Qf6 35.
Qd2 Bc4 36. Bd4 Qf7 37. Qxa5 Qd5 38. Bxc4 Qxc4 39. Qe5 Ne8 40. Qh8+ Kf7 41.
Qxh7+ Kf8 42. Qh8+ Kf7 43. a5 Rd8 44. Qh7+ Kf8 45. Be3 Nf6 46. Qxg6 Rd6 47. Qxf5
Ke8 48. Bf4 Re6 49. Rc1 Qb3 50. a6 Nd7 51. a7 Nb6 52. a8=Q+ Nxa8 53. Rc8+ Ke7
54. Qh7+ Kf6 55. Rf8# 1-0

[Event "World Rapid Women 2019"]
[Site "Moscow RUS"]
[Date "2019.12.27"]
[Round "5.37"]
[White "Mamedjarova, Turkan"]
[Black "Getman, Tatyana"]
[Result "0-1"]
[WhiteTitle "WGM"]
[BlackTitle "WFM"]
[WhiteElo "2310"]
[BlackElo "2265"]
[WhiteFideId "13402005"]
[BlackFideId "34166146"]
[EventDate "2019.12.26"]

1. d4 Nf6 2. c4 e6 3. Nc3 Bb4 4. Qc2 Nc6 5. Nf3 d6 6. e4 e5 7. d5 Bxc3+ 8. Qxc3
Nb8 9. Bd3 O-O 10. h3 a5 11. Be3 Nh5 12. Bg5 Qe8 13. g4 Nf4 14. Bxf4 exf4 15.
O-O-O Nd7 16. Qd2 Nc5 17. Qxf4 b5 18. Bc2 bxc4 19. e5 Ba6 20. Rhe1 Nd3+ 21. Bxd3
cxd3 22. Kb1 Qb5 23. Qe4 Rab8 24. Rd2 Qb4 25. Qxb4 Rxb4 26. Rc1 Rf4 27. Ne1 dxe5
28. Rxc7 e4 29. Ng2 Rf3 30. Ne3 Rxh3 31. b3 g6 32. Ra7 Bc8 33. g5 h6 34. Rxa5
hxg5 35. d6 f5 36. Ra7 f4 37. Nd5 e3 38. fxe3 fxe3 39. Ne7+ Kf7 40. Nxc8+ Kf6
41. Rxd3 e2 42. Rxh3 e1=Q+ 43. Kb2 Qf2+ 44. Ka3 Rxc8 45. Rhh7 Qc5+ 46. b4 Qc3+
47. Ka4 Qc2+ 48. Ka5 Qxa2+ 49. Kb6 Rb8+ 50. Kc5 Qc2+ 51. Kd5 Rb5+ 0-1

[Event "World Rapid Women 2019"]
[Site "Moscow RUS"]
[Date "2019.12.27"]
[Round "5.38"]
[White "Nazarova, Anastasia"]
[Black "Manakova, Maria"]
[Result "0-1"]
[WhiteTitle "WFM"]
[BlackTitle "WGM"]
[WhiteElo "2176"]
[BlackElo "2238"]
[WhiteFideId "34101737"]
[BlackFideId "927007"]
[EventDate "2019.12.26"]

1. e4 c5 2. Nf3 Nc6 3. d4 cxd4 4. Nxd4 Nf6 5. Nc3 e5 6. Ndb5 d6 7. Bg5 a6 8. Na3
b5 9. Nd5 Be7 10. Bxf6 Bxf6 11. c3 Bg5 12. Nc2 O-O 13. a4 bxa4 14. Rxa4 a5 15.
Bc4 Rb8 16. b3 Kh8 17. Nce3 g6 18. h4 Bxh4 19. g3 Bg5 20. f4 exf4 21. gxf4 Bh4+
22. Kf1 Ne7 23. Qd4+ Kg8 24. Ra2 Nxd5 25. Nxd5 Be6 26. Rah2 Bxd5 27. Bxd5 Bf6
28. e5 dxe5 29. fxe5 Bg7 30. Rxh7 Qg5 31. Qh4 Qxh4 32. R7xh4 Bxe5 33. R1h3 Rb6
34. Ra4 Rf6+ 35. Ke2 Rc8 36. c4 Bc7 37. Kd3 Bb6 38. Ra1 Rf4 39. Rah1 Bd4 40. Rh7
Bg7 41. R7h4 Rxh4 42. Rxh4 Bf6 43. Rh2 Kg7 44. Ra2 Bd8 45. Re2 Bh4 46. Ra2 Be1
47. Re2 Bb4 48. Kd4 Bc5+ 49. Kd3 Rb8 50. Kc2 Rh8 51. Rg2 f5 52. Bc6 Kf6 53. Bd5
f4 54. Re2 g5 55. Re6+ Kf5 56. Rc6 Rh2+ 57. Kd3 Bb4 58. Be4+ Kg4 59. Kd4 Rd2+
60. Ke5 Bc3+ 61. Ke6 f3 62. Rd6 Re2 63. Kd5 Rxe4 64. Kxe4 f2 65. Rd1 Be1 0-1